Duble Truble (Record no. 301108)

000 -LEADER
fixed length control field 00290 a2200133 4500
001 - CONTROL NUMBER
control field 66035
020 ## - INTERNATIONAL STANDARD BOOK NUMBER
International Standard Book Number 9799693513829
082 ## - DEWEY DECIMAL CLASSIFICATION NUMBER
Classification number 891.4392You
090 ## - LOCALLY ASSIGNED LC-TYPE CALL NUMBER (OCLC); LOCAL CALL NUMBER (RLIN)
-- 38387
-- 38387
100 ## - MAIN ENTRY--PERSONAL NAME
Personal name Younas Butt
245 ## - TITLE STATEMENT
Title Duble Truble
260 ## - PUBLICATION, DISTRIBUTION, ETC.
Place of publication, distribution, etc. Lahore
Name of publisher, distributor, etc. Sang-e-Meel
Date of publication, distribution, etc. 2005
300 ## - PHYSICAL DESCRIPTION
Extent 232pp
942 ## - ADDED ENTRY ELEMENTS (KOHA)
Institution code [OBSOLETE] NUST-CAE
Call number prefix 891.4392You
Holdings
Withdrawn status Lost status Damaged status Not for loan Collection code Permanent Location Current Location Date acquired Total Checkouts Full call number Barcode Date last seen Price effective from Koha item type
          College of Aeronautical Engineering (CAE) College of Aeronautical Engineering (CAE) 04/03/2017   891.4392You CAE82092 04/05/2017 04/05/2017 Book
© 2023 Central Library, National University of Sciences and Technology. All Rights Reserved.